000 00769nam a22002417a 4500
999 _c1209
_d1209
001 1209
003 BD-JhCC
005 20171030191654.0
008 171016s1992 BG |||| |||| 00| 0 ben d
020 _a9847011600222
035 _a(BD-JhCC)1209
040 _aBD-JhCC
_dBD-JhCC
041 _aben
082 _a923.1
_bJAY 1992
100 _aজয়নুদ্দীন, ড. মোহাম্মদ
245 _aনুরুল মোমেন জীবন ও সাহিত্য /
_cড. মোহাম্মদ জয়নুদ্দীন
260 _aঢাকাঃ
_bঅন্বেষা প্রকাশনী,
_c1992
300 _a109 p. :
_c21 cm.
600 _aMomen, Nurul
650 _aBiography
942 _2ddc
_cBK